Físico-química de superficies /
Guardado en:
| Autor Principal: | |
|---|---|
| Autor Corporativo: | |
| Formato: | Libro |
| Idioma: | Portuguese |
| Publicado: |
Washington, D.C. :
Secretaría-Geral da Organizaçao dos Estados Americanos, Programa Regional de Desenvolvimento Científico e Tecnológico,
1979.
|
| Series: | Serie de química ;
monografía no. 20 |
| Materias: | |
| Etiquetas: |
Agregar Etiqueta
Sin Etiquetas, Sea el primero en etiquetar este registro!
|
| LEADER | 00883nam a22002055a 4500 | ||
|---|---|---|---|
| 001 | EIQ.libpla004092 | ||
| 008 | 080526s1979####dcua#####b####000#0#por#d | ||
| 005 | 20080526173027.0 | ||
| 245 | 1 | 0 | |a Físico-química de superficies / |c por Tibor Rabockai. |
| 260 | |a Washington, D.C. : |b Secretaría-Geral da Organizaçao dos Estados Americanos, Programa Regional de Desenvolvimento Científico e Tecnológico, |c 1979. | ||
| 300 | |a vii, 128 p. : |b il. ; |c 24 cm. | ||
| 440 | 0 | |a Serie de química ; |v monografía no. 20 | |
| 504 | |a Bibliografía: 121-124. | ||
| 100 | 1 | |a Rabockai, Tibor. | |
| 710 | 2 | |a Organizaçao dos Estados Americanos (OEA). |b Programa Regional de Desenvolvimento Científico e Tecnológico. | |
| 650 | 4 | |a Termodinámica |x Interfaces. | |
| 650 | 4 | |a Termodynamic |x Interfaces. | |
| 010 | |a 79111239 | ||
| 040 | |a DLC |c DLC |d AR-BbSID | ||
| 859 | |a AR-BbSID |b BIB. PLAPIQUI |h 541.3 |i R 112 |p 5264 | ||
